000 00270nam a2200097 4500
999 _c515028
_d515028
082 _aTNC T19x51 B314
100 _aBatcha, L.Kamal
_920104
245 _aA few days in the people's republic of China
260 _aThanjavur
_bCresent Moon Publications
_c2002
300 _a168p.